Encyclopaedic Dictionary of Statics (Vol 1-2) (Record no. 184867)

000 -LEADER
fixed length control field 00501 a2200193 4500
003 - CONTROL NUMBER IDENTIFIER
control field NUST
005 - DATE AND TIME OF LATEST TRANSACTION
control field 20221214161323.0
020 ## - INTERNATIONAL STANDARD BOOK NUMBER
International Standard Book Number 8176251224
040 ## - CATALOGING SOURCE
Transcribing agency Nust
082 ## - DEWEY DECIMAL CLASSIFICATION NUMBER
Classification number 310.03,NAT
100 ## - MAIN ENTRY--PERSONAL NAME
Personal name Nath, Som
9 (RLIN) 104871
245 ## - TITLE STATEMENT
Title Encyclopaedic Dictionary of Statics (Vol 1-2)
Statement of responsibility, etc. Som Nath
260 ## - PUBLICATION, DISTRIBUTION, ETC.
Place of publication, distribution, etc. New Delhi
Name of publisher, distributor, etc. Sarup & Sons
Date of publication, distribution, etc. 2000
300 ## - PHYSICAL DESCRIPTION
Extent 250:p.;
440 ## - SERIES STATEMENT/ADDED ENTRY--TITLE
Volume/sequential designation VOL 1-2
505 ## - FORMATTED CONTENTS NOTE
Formatted contents note Contents not Available
650 ## - SUBJECT ADDED ENTRY--TOPICAL TERM
Topical term or geographic name entry element Encyclopaedic Dictionary
9 (RLIN) 104872
942 ## - ADDED ENTRY ELEMENTS (KOHA)
Source of classification or shelving scheme
Koha item type Book
Call number prefix 310.3,NAT
Holdings
Withdrawn status Lost status Source of classification or shelving scheme Damaged status Not for loan Permanent Location Current Location Shelving location Date acquired Full call number Barcode Date last seen Price effective from Koha item type Public note
          Military College of Signals (MCS) Military College of Signals (MCS) General Stacks 12/12/2016 310.03,NAT MCS28128 12/08/2016 12/12/2016 Book Almirah No.49, Shelf No.3
          Military College of Signals (MCS) Military College of Signals (MCS) General Stacks 12/12/2016 310.03,NAT MCS28129 12/08/2016 12/12/2016 Book Almirah No.49, Shelf No.3
© 2023 Central Library, National University of Sciences and Technology. All Rights Reserved.